PSYCHODYNAMIC PSYCHIATRY (Record no. 14530)

MARC details
000 -LEADER
fixed length control field 00302nam a22001457a 4500
003 - CONTROL NUMBER IDENTIFIER
control field SGT
082 ## - DEWEY DECIMAL CLASSIFICATION NUMBER
Classification number 616.89
Item number P17G
100 ## - MAIN ENTRY--PERSONAL NAME
Personal name GABBARD, GLEN O.
245 ## - TITLE STATEMENT
Title PSYCHODYNAMIC PSYCHIATRY
250 ## - EDITION STATEMENT
Edition statement 5TH
260 ## - PUBLICATION, DISTRIBUTION, ETC. (IMPRINT)
Place of publication, distribution, etc INDIA
Name of publisher, distributor, etc CBS
Year of Publication 2017
300 ## - PAGE DESCRIPTION
No. of Pages 639
650 ## - SUBJECT ADDED ENTRY--TOPICAL TERM
Topical term or geographic name as entry element PSYCHIATRY
942 ## - ADDED ENTRY ELEMENTS (KOHA)
Source of classification or shelving scheme Dewey Decimal Classification
Koha item type Books
Holdings
Withdrawn status Lost status Source of classification or shelving scheme Damaged status Not for loan Collection code Home library Current library Shelving location Date acquired Vendor Name Cost, normal purchase price SGTU Bill Number Total Checkouts Full call number Accession No. (Barcode) Date last seen Bill Date Koha item type Date last borrowed
    Dewey Decimal Classification     MEDICAL SGT Medical Library SGT Medical Library Reference Book 15/01/2018 ABC 995.00 SGTU 8707   616.89 P17G FM9321 15/01/2018 08/07/2017 Books  
    Dewey Decimal Classification     MEDICAL SGT Medical Library SGT Medical Library Reference Book 15/01/2018 ABC 995.00 SGTU 8707 5 616.89 P17G FM9322 11/02/2020 08/07/2017 Books 04/02/2020
    Dewey Decimal Classification     MEDICAL SGT Medical Library SGT Medical Library Reference Book 15/01/2018 ABC 995.00 SGTU 8707 2 616.89 P17G FM9323 27/07/2019 08/07/2017 Books 12/07/2019
    Dewey Decimal Classification     MEDICAL SGT Medical Library SGT Medical Library Reference Book 15/01/2018 ABC 995.00 SGTU 8707 1 616.89 P17G FM9324 05/05/2018 08/07/2017 Books 18/04/2018
    Dewey Decimal Classification     MEDICAL SGT Medical Library SGT Medical Library Reference Book 15/01/2018 ABC 995.00 SGTU 8707 3 616.89 P17G FM9325 07/06/2018 08/07/2017 Books 02/06/2018